| 000 | 00551nam a2200181Ia 4500 | ||
|---|---|---|---|
| 999 |
_c35868 _d35868 |
||
| 003 | OSt | ||
| 005 | 20240112121051.0 | ||
| 008 | 190216s9999||||xx |||||||||||||| ||und|| | ||
| 040 | _coclc | ||
| 082 |
_a297.122594812 _bMOU/V |
||
| 100 |
_aMoulavi, Mohammed Amani _97798 |
||
| 245 | 0 |
_aVishudha Quran Vivaranam / _cMohammed Amani Moulavi |
|
| 250 | _a2nd Ed. | ||
| 260 |
_bKerala Nadvathul Mujahideen, _c1989. _aCalicut: |
||
| 300 | _a1001p | ||
| 650 | _aQur`An | ||
| 942 |
_cREF _2ddc _h297.122594812 _iMOU/V _k297.122594812 _mMOU/V |
||